000 00503nam a2200181Ia 4500
008 100921s9999 xx 000 0 und d
082 _b20277
_a891.463 थ 84
100 _aText1
245 _aकैफ.
260 _bदिलिपराज प्रकाशन,पुणे.
_c1984
300 _a272
_b---
365 _b38
520 _aललित-कादंबरी.
630 _aकैफ.
650 _aललित-कादंबरी.
730 _aकैफ.
942 _cBOOK
999 _c769390
_d769387